00548nam a2200193Ia 450000500170000000800410001702000180005804000180007604100080009408200200010210000200012224500730014225000120021526000430022730000360027065000230030665000130032965000120034220260119144851.0210716s2015 xx 000 0 und d a9789351197645 cAIMIT LIBRARY aeng a651.7 21bSONJ aSonmez, John Z. aSoft skills : bsoftware developers life manual /cBy John Z Sonmez. a1st ed. aNew Delhi :bDreamtech Press , c2015. axxxiv,470p. ;c23 cm.b24.5 cm. aMarketing yourself aLearning aSpirits